Biblioteca

Los jóvenes y su deseo de "cambiar la vida" (Registro nro. 69934)

Detalles MARC
000 -LÍDER
Campo fijo de descripción fija 01384nab a2200241 i 4500
001 - NÚMERO DE CONTROL
Campo de control 768714001
003 - IDENTIFICADOR DEL NÚMERO DE CONTROL
Campo de control CO-MdFUSB
005 - FECHA Y HORA DE LA ULTIMA TRANSACCIÓN
control field 20240527155759.0
008 - ELEMENTOS DE LONGITUD FIJA -- INFORMACIÓN GENERAL
Campo fijo de descripción fija -- Información general 240527t1975 sp ||||| |||| 00| 0 spa d
040 ## - FUENTE DE CATALOGACIÓN
Idioma de catalogación spa
Agencia que realiza la transcripción CO-MdFUSB
Agencia que realiza la modificación CO-MdFUSB
041 ## - CÓDIGO DE IDIOMA
Código de idioma para texto/pista de sonido o título separado spa
100 ## - ASIENTO PRINCIPAL--NOMBRE PERSONAL
Nombre personal Rioux, Marcel,
Fechas asociadas con el nombre 1919-1992
Término relacionador autor
245 #4 - TÍTULO
Título Los jóvenes y su deseo de "cambiar la vida"
Mención de responsabilidad / Marcel Rioux ; traducido por Teresa S. Muñoz
520 ## - NOTA DE RESUMEN, ETC.
Nota de sumario, etc. Los jóvenes, debido a su posición en la vida y en la sociedad, tienen Jendencia a rebelarse contra sus padres y los adultos en general, resulta que esos conflictos generacionales que surgen hoy están sobredeterminados por las contradicciones que comporta la evo- lución de nuestras sociedades. En otros términos: esta oposición entre las generaciones, que existe en todas las sociedades, se ve apoyada por fenómenos específicos de ese modo de producción, que agravan y exacerban los conflictos.
630 #0 - PUNTO DE ACCESO ADICIONAL DE MATERIA - TÍTULO UNIFORME
Título uniforme Religión, cultura y sociedad
650 #0 - ASIENTO SECUNDARIO DE MATERIA - TERMINO TEMÁTICO
Término temático o nombre geográfico como elemento de entrada Jóvenes
9 (RLIN) 1879
650 #7 - ASIENTO SECUNDARIO DE MATERIA - TERMINO TEMÁTICO
Término temático o nombre geográfico como elemento de entrada Iglesia
9 (RLIN) 655
653 ## - TÉRMINO DE INDIZACIÓN - NO CONTROLADO
Término no controlado Los jóvenes y el futuro de la Iglesia
700 ## - ENTR. SECUNDARIA - Nombre Personal (R)
Nombre de persona Muñoz, Teresa S.,
Término indicativo de función traductor
773 0# - ASIENTO DE ITEM FUENTE
Biblionumber 49450
Itemnumber 82687
Otro identificador del ítem R2596
Título Revista internacional de teología Concilium
Número de control del registro (CO-MdFUSB)8
Número Internacional Normalizado para Publicaciones Seriadas (ISSN) 0210-1041
Parte(s) relacionada(s) / Volumen., número. (mes año), páginas Volumen 106, (junio, 1975) páginas: 342 - 352
Enumeración y primera página páginas: 342
942 ## - TIPO DE MATERIAL (KOHA)
Tipo de Item KOHA Artículos de Revista
945 ## - INFORMACIÓN LOCAL DEL REGISTRO
Catalogador Catherine Arias Álvarez - Practicante SENA

No hay ítems disponibles.

Biblioteca FUSBC | Teléfono: (57+4) 349 88 10 Ext. 141| WhatsApp (+57) 3005338115 
E-mail: biblioteca@unisbc.edu.co | Calle 76 87-14 Robledo Palenque, Medellín, Colombia

Con tecnología Koha